000 00471nam a2200181Ia 4500
001 21205
005 20260306172902.0
008 260306t2011||||xx |||||||||||||| ||spa||
041 _aESP
082 _a344.2
_bM566
100 _aMoore, Michael S.
_eAUT
245 0 _aCausalidad y responsabilidad:
_bun ensayo sobre derecho, moral y metafĂ­sica
260 _c2011
300 _a735 páginas :
_c24 cm.
650 _aGEN
654 _aCDE
942 _cLIB
_dJUS
_fJUS
_2ddc
_n
999 _c21205
_d21205